La negociacion en el proceso penal (Registro nro. 6546)
[ vista simple ]
| 000 -LEADER | |
|---|---|
| fixed length control field | 01318nam a22004217a 4500 |
| 003 - CONTROL NUMBER IDENTIFIER | |
| control field | OSt |
| 005 - DATE AND TIME OF LATEST TRANSACTION | |
| control field | 20260522075833.0 |
| 007 - PHYSICAL DESCRIPTION FIXED FIELD--GENERAL INFORMATION | |
| fixed length control field | ta |
| 008 - FIXED-LENGTH DATA ELEMENTS--GENERAL INFORMATION | |
| fixed length control field | 260522s2024 ag ||||| |||| 00| 0 spa d |
| 020 ## - INTERNATIONAL STANDARD BOOK NUMBER | |
| International Standard Book Number | 9789972047886 |
| 040 ## - CATALOGING SOURCE | |
| Transcribing agency | cj catamarca |
| 082 ## - DEWEY DECIMAL CLASSIFICATION NUMBER | |
| Classification number | 343.11 P438 |
| 100 10 - MAIN ENTRY--PERSONAL NAME | |
| 9 (RLIN) | 332 |
| Personal name | Perez Lopez, Jorge |
| 245 10 - TITLE STATEMENT | |
| Title | La negociacion en el proceso penal |
| 250 ## - EDITION STATEMENT | |
| Edition statement | 1º ed. |
| 260 ## - PUBLICATION, DISTRIBUTION, ETC. | |
| Place of publication, distribution, etc. | Lima: |
| Name of publisher, distributor, etc. | Grijley, |
| Date of publication, distribution, etc. | 2024 |
| 300 ## - PHYSICAL DESCRIPTION | |
| Extent | 544 p. |
| Dimensions | 20 cm |
| 500 ## - GENERAL NOTE | |
| General note | INVENTARIO Nº 8177 |
| 650 #7 - SUBJECT ADDED ENTRY--TOPICAL TERM | |
| Source of heading or term | SAIJ |
| 653 ## - INDEX TERM--UNCONTROLLED | |
| Uncontrolled term | DERECHO PENAL |
| 653 ## - INDEX TERM--UNCONTROLLED | |
| Uncontrolled term | MEDIACION PENAL |
| 653 ## - INDEX TERM--UNCONTROLLED | |
| Uncontrolled term | NEGOCIACION PENAL |
| 653 ## - INDEX TERM--UNCONTROLLED | |
| Uncontrolled term | ACUERDOS PENALES |
| 653 ## - INDEX TERM--UNCONTROLLED | |
| Uncontrolled term | ACUERDOS-NEGOCIACION |
| 653 ## - INDEX TERM--UNCONTROLLED | |
| Uncontrolled term | DERECHO DE DEFENSA |
| 653 ## - INDEX TERM--UNCONTROLLED | |
| Uncontrolled term | CRITERIOS DE OPORTUNIDAD-art. 2 CPP |
| 653 ## - INDEX TERM--UNCONTROLLED | |
| Uncontrolled term | PRINCIPIO-CRITERIOS DE OPORTUNIDAD |
| 653 ## - INDEX TERM--UNCONTROLLED | |
| Uncontrolled term | ACUERDO REPARATORIO |
| 653 ## - INDEX TERM--UNCONTROLLED | |
| Uncontrolled term | TERMINACION ANTICIPADA-arts. 468 a 471 CPP |
| 653 ## - INDEX TERM--UNCONTROLLED | |
| Uncontrolled term | CONFESION |
| 653 ## - INDEX TERM--UNCONTROLLED | |
| Uncontrolled term | COLABORACION-arts. 472 a 481 CPP |
| 653 ## - INDEX TERM--UNCONTROLLED | |
| Uncontrolled term | CONVENCION PROBATORIA-arts. 1563 y 3502 CPP |
| 653 ## - INDEX TERM--UNCONTROLLED | |
| Uncontrolled term | CONCLUSION ANTICIPADA-art. 372 CPP |
| 653 ## - INDEX TERM--UNCONTROLLED | |
| Uncontrolled term | DELITO EJERCICIO PRIVADO DE ACCION-arts. 459 a 467 CPP |
| 653 ## - INDEX TERM--UNCONTROLLED | |
| Uncontrolled term | FALTAS-arts. 482 a 487 CPP |
| 856 ## - ELECTRONIC LOCATION AND ACCESS | |
| Uniform Resource Identifier | <a href="https://drive.google.com/file/d/1gn4JBbbB2zU2I_op9vBLV-seu9OI_uCg/view?usp=sharing">https://drive.google.com/file/d/1gn4JBbbB2zU2I_op9vBLV-seu9OI_uCg/view?usp=sharing</a> |
| 942 ## - ADDED ENTRY ELEMENTS (KOHA) | |
| Source of classification or shelving scheme | Dewey Decimal Classification |
| Koha item type | Book |
| Suppress in OPAC | No |
| Withdrawn status | Lost status | Source of classification or shelving scheme | Damaged status | Not for loan | Home library | Current library | Date acquired | Source of acquisition | Total Checkouts | Full call number | Barcode | Date last seen | Price effective from | Koha item type |
|---|---|---|---|---|---|---|---|---|---|---|---|---|---|---|
| Dewey Decimal Classification | PJCB | PJCB | 05/22/2026 | Compra | 343.11 P438 | 8177 | 05/22/2026 | 05/22/2026 | Book |

